[Event "POLFINAL MISTRZOSTW POLSKI JUNIOROW 2017 - C13"]
[Site "Jastrzebia Gora"]
[Date "2017-11-15"]
[Round "1.1"]
[White "Dzida, Kamil"]
[Black "Szafranski, Maciej"]
[Result "1/2-1/2"]
[WhiteTitle "I++"]
[BlackTitle "II"]
[WhiteElo "1881"]
[BlackElo "1485"]

1. Nf3 d5 2. d4 Nf6 3. Bg5 e6 4. c4 Be7 5. e3 a6 6. Nc3 O-O 7. cxd5 exd5 8. Bd3
h6 9. Bh4 Bg4 10. h3 Bh5 11. g4 Bg6 12. Bxg6 fxg6 13. Ne5 g5 14. Bg3 Bb4 15. O-O
Bxc3 16. bxc3 Ne4 17. Qb3 b5 18. Rad1 c6 19. Bh2 Ra7 20. f3 Nd6 21. Nxc6 Nxc6
22. Qxd5+ Nf7 23. Qxc6 Qe7 24. e4 Raa8 25. Qc5 Qxc5 26. dxc5 Rac8 27. Rd5 Rc6
28. Rfd1 Rfc8 29. Rd7 Rxc5 30. Bg3 Rxc3 31. Kg2 Ra3 32. R7d2 Rcc3 33. e5 Re3 34.
Bf2 Rxe5 35. Rc1 b4 36. Rc8+ Kh7 37. Rc7 Kg8 38. Kg3 Rc3 39. Rb7 Rb5 40. Ra7 Ne5
41. Rd8+ Kh7 42. Bd4 Rxf3+ 43. Kg2 Rf7 44. Rxa6 Rd7 45. Rxd7 Nxd7 46. Kf3 Rd5
47. Ke4 Rb5 48. Ra7 Nc5+ 49. Ke3 Nb7 50. Kd3 b3 51. axb3 Rxb3+ 52. Kc4 Rb1 53.
Kd5 Rb4 54. Ba1 Rb1 55. Kc6 Nd8+ 56. Kd6 Rb7 57. Rxb7 Nxb7+ 58. Ke7 Nc5 59. Be5
Ne4 60. Bd4 Ng3 61. Kf7 g6 62. Be3 Ne2 63. Bf2 Nf4 64. h4 gxh4 65. Bxh4 g5 66.
Bf2 Nd3 67. Bg3 h5 68. gxh5 Kh6 69. Kf6 Kxh5 70. Kf5 Nc1 71. Bf4 gxf4 72. Kxf4
1/2-1/2

[Event "POLFINAL MISTRZOSTW POLSKI JUNIOROW 2017 - C13"]
[Site "Jastrzebia Gora"]
[Date "2017-11-15"]
[Round "1.2"]
[White "Bartlomowicz, Jakub"]
[Black "Poltorak, Sebastian"]
[Result "1/2-1/2"]
[WhiteTitle "II"]
[BlackTitle "I"]
[WhiteElo "1479"]
[BlackElo "1716"]

1. e4 c6 2. d4 d5 3. e5 Bf5 4. Be3 e6 5. Nd2 Nd7 6. Ngf3 h6 7. Be2 Ne7 8. O-O g5
9. c4 Bg7 10. Qb3 Qb6 11. cxd5 cxd5 12. Rac1 Nc6 13. Rc3 Qxb3 14. Nxb3 a6 15.
Rfc1 f6 16. exf6 Bxf6 17. h3 O-O 18. Nh2 e5 19. Nf3 e4 20. Nh2 Be7 21. Ng4 Kh7
22. a3 Rg8 23. Ne5 Ndb8 24. Nc5 Bxc5 25. Rxc5 Rd8 26. Bg4 Bxg4 27. Nxg4 Kg7 28.
h4 Rd6 29. hxg5 hxg5 30. f3 exf3 31. gxf3 Nd7 32. R5c3 Rg6 33. Kg2 Re8 34. Rb3
Rb8 35. Rbc3 Kf7 36. Rh1 Kg7 37. Kg3 Re8 38. Rh5 Nf6 39. Rxg5 Rxg5 40. Bxg5 Nxg4
41. Kxg4 Re2 42. Bc1 Kg6 43. Rc5 Nxd4 44. Rxd5 Nb3 45. Bf4 Rg2+ 46. Bg3 Rxb2 47.
Rd6+ Kf7 48. Rd7+ Ke6 49. Rxb7 a5 50. Rb5 Rb1 51. Bc7 a4 52. Rb4 Rg1+ 53. Kf4
Nc5 54. Rd4 Kf7 55. Rc4 Ne6+ 56. Ke3 Ra1 57. Bd6 Rd1 58. Bb4 Rb1 59. Rc8 Rb3+
60. Kf2 1/2-1/2

[Event "POLFINAL MISTRZOSTW POLSKI JUNIOROW 2017 - C13"]
[Site "Jastrzebia Gora"]
[Date "2017-11-15"]
[Round "1.3"]
[White "Paprocki, Stanislaw"]
[Black "Kossowski, Pawel"]
[Result "1-0"]
[WhiteTitle "I"]
[BlackTitle "II"]
[WhiteElo "1663"]
[BlackElo "1446"]

1. e4 e5 2. Nf3 Nc6 3. Bc4 Bc5 4. c3 Nf6 5. d3 a6 6. O-O Ba7 7. Nbd2 d6 8. Bb3
O-O 9. Re1 Ng4 10. Re2 Kh8 11. h3 Nh6 12. Nf1 f5 13. Bxh6 gxh6 14. exf5 Bxf5 15.
N1h2 Qf6 16. a4 Qg7 17. Kh1 Ne7 18. Nh4 Bd7 19. Qd2 Qf6 20. N4f3 Bc6 21. d4 e4
22. Ne1 Qg6 23. Nc2 e3 24. Nxe3 Nf5 25. Bc2 Qg7 26. Rg1 Nh4 27. f3 Rae8 28. Qe1
Ng6 29. Nf5 Rxe2 30. Qxe2 Nf4 31. Qe3 Nd5 32. Qxh6 Qxh6 33. Nxh6 Ne3 34. Bb3 Kg7
35. N2g4 Nxg4 36. Nxg4 Re8 37. Bd1 Bd7 38. Rf1 c5 39. dxc5 Bxc5 40. f4 h5 41.
Nh2 Kg6 42. g4 hxg4 43. hxg4 Bc6+ 44. Nf3 Re4 45. Bc2 Kf6 46. Bxe4 Bxe4 47. Kg2
Bb6 48. Re1 Bc2 49. Kg3 Bxa4 50. g5+ Kf5 51. Nh4# 1-0

[Event "POLFINAL MISTRZOSTW POLSKI JUNIOROW 2017 - C13"]
[Site "Jastrzebia Gora"]
[Date "2017-11-15"]
[Round "1.4"]
[White "Strepikowski, Pawel"]
[Black "Panek, Bartosz"]
[Result "0-1"]
[WhiteTitle "II"]
[BlackTitle "I"]
[WhiteElo "1382"]
[BlackElo "1618"]

1. e4 c5 2. Nc3 e6 3. Nf3 Nc6 4. d4 cxd4 5. Nxd4 Qc7 6. Be3 Nf6 7. Be2 a6 8. a3
Bd6 9. Qd2 Nxd4 10. Bxd4 b5 11. Qg5 Bf8 12. Bxf6 gxf6 13. Qxf6 Rg8 14. Bh5 d5
15. exd5 Bg7 16. Qf3 Bb7 17. O-O-O Bxc3 18. bxc3 Bxd5 19. Qe3 Qe7 20. Kb2 Qg5
21. Qxg5 Rxg5 22. Bf3 Bxf3 23. gxf3 Rd8 24. Rdg1 Rdd5 25. Rg4 Rdf5 26. Rf1 Ke7
27. Kc1 Rh5 28. Rg2 Rxf3 29. Rd1 Rxc3 30. Kb2 Rch3 31. Rh1 Kf6 32. f4 Rf3 33.
Rg4 Rhh3 34. Rg3 h5 35. a4 Rfxg3 0-1

[Event "POLFINAL MISTRZOSTW POLSKI JUNIOROW 2017 - C13"]
[Site "Jastrzebia Gora"]
[Date "2017-11-15"]
[Round "1.5"]
[White "Kosior, Jan"]
[Black "Kojlo, Szymon"]
[Result "1/2-1/2"]
[WhiteTitle "II"]
[BlackTitle "II"]
[WhiteElo "1605"]
[BlackElo "1376"]

1. e4 c5 2. Nf3 d6 3. d4 cxd4 4. Nxd4 Nf6 5. Nc3 g6 6. f3 Bg7 7. Be3 O-O 8. Qd2
Nc6 9. O-O-O Qa5 10. Nb3 Qd8 11. g4 Be6 12. h4 Ne5 13. Be2 Bc4 14. h5 Rc8 15.
hxg6 fxg6 16. Bg5 Bxe2 17. Qxe2 Rxc3 18. bxc3 Qc7 19. Bd2 Qc4 20. Qxc4+ Nxc4 21.
Bh6 Rc8 22. Bxg7 Kxg7 23. Nd2 Ne3 24. Rde1 Rxc3 25. Kb2 Rxc2+ 26. Kb1 Rxd2 27.
Rxe3 h5 28. gxh5 gxh5 29. Rc3 Rd4 30. a3 Kf7 31. Rf1 Ke6 32. Rc7 Ra4 33. Kb2 b6
34. Rd1 Ra5 35. Ka2 Rg5 36. Rxa7 Rg2+ 37. Kb1 Rf2 38. e5 dxe5 39. Rc1 Rxf3 40.
Rc6+ Kf7 41. Rxb6 h4 42. Rb2 h3 43. Ra4 e4 44. Rc4 Rxa3 45. Rc8 Rg3 46. Rh8 e3
47. Rc2 Rg1+ 48. Kb2 e2 49. Rxe2 Rg2 50. Rc2 Rg3 51. Rh4 Ng4 52. Rh7+ 1/2-1/2

[Event "POLFINAL MISTRZOSTW POLSKI JUNIOROW 2017 - C13"]
[Site "Jastrzebia Gora"]
[Date "2017-11-15"]
[Round "1.6"]
[White "Gardian, Adam"]
[Black "Kania, Dominik"]
[Result "1-0"]
[WhiteTitle "II"]
[BlackTitle "II+"]
[WhiteElo "1360"]
[BlackElo "1577"]

1. Nf3 Nf6 2. g3 g6 3. Bg2 Bg7 4. O-O O-O 5. d3 d5 6. Nbd2 Nc6 7. c4 e5 8. cxd5
Nxd5 9. a3 Be6 10. Ne4 h6 11. Nc5 Bc8 12. Rb1 Qe7 13. Qc2 Rd8 14. Bd2 Bf8 15.
Rfc1 b6 16. Ne4 Bb7 17. b4 f5 18. Nc3 Nxc3 19. Bxc3 Bg7 20. Nh4 Qd6 21. Qa2+ Kh7
22. b5 Na5 23. Bxa5 Bxg2 24. Kxg2 bxa5 25. Rc6 Qd7 26. Nxg6 f4 27. Qc4 Qg4 28.
f3 Qg5 29. Nh4 Rd4 30. Qe6 fxg3 31. Qf5+ Kg8 32. Qxg5 hxg5 33. Nf5 Rf4 34. Nxg7
Kxg7 35. Rxc7+ Kf6 36. hxg3 Ra4 37. Rbc1 Ke6 38. Kf2 Rd8 39. R1c3 Kd5 40. Rxa7
Kd4 41. Rac7 Rb8 42. e3+ Kd5 43. R7c5+ Kd6 44. Rc6+ Kd7 45. b6 Rb7 46. Rh6 1-0

[Event "POLFINAL MISTRZOSTW POLSKI JUNIOROW 2017 - C13"]
[Site "Jastrzebia Gora"]
[Date "2017-11-15"]
[Round "1.7"]
[White "Dziendziel, Mateusz"]
[Black "Budzisz, Adrian"]
[Result "1-0"]
[WhiteTitle "II"]
[BlackTitle "II"]
[WhiteElo "1557"]
[BlackElo "1312"]

1. e4 c5 2. Nc3 Nc6 3. Bb5 g6 4. Bxc6 dxc6 5. d3 Bg7 6. Nge2 Nf6 7. O-O O-O 8.
f4 e6 9. Qe1 b6 10. Qh4 Nd7 11. Qf2 Ba6 12. f5 Qe7 13. g4 Rae8 14. Bd2 Bf6 15.
Bh6 Bg7 16. Bxg7 Kxg7 17. Qg3 h6 18. Rf3 g5 19. Raf1 f6 20. h3 Ne5 21. R3f2 Rd8
22. Nd1 Bc8 23. Ne3 exf5 24. Nxf5+ Bxf5 25. Rxf5 Ng6 26. Qe3 Nh4 27. Ng3 Kg6 28.
R5f2 Qe5 29. c3 Rd6 30. Nf5 Nxf5 31. exf5+ Kg7 32. Qxe5 fxe5 33. Rf3 Kf6 34. Re3
Re8 35. Rff3 b5 36. Re4 Red8 37. Rfe3 Re8 38. Kf2 Rd5 39. Ke2 a5 40. d4 cxd4 41.
cxd4 exd4 42. Rxe8 dxe3 43. Re6+ Kg7 44. Kxe3 c5 45. Rg6+ Kh7 46. Rb6 c4 47. Rb7+
Kg8 48. Ke4 Rd3 49. Ke5 Rxh3 50. Kf6 Rd3 51. Kg6 Rd8 52. f6 b4 53. Rg7+ Kf8 54.
Rh7 Ke8 55. Rh8+ Kd7 56. Rxd8+ Kxd8 57. f7 c3 58. f8=Q+ 1-0

[Event "POLFINAL MISTRZOSTW POLSKI JUNIOROW 2017 - C13"]
[Site "Jastrzebia Gora"]
[Date "2017-11-15"]
[Round "1.8"]
[White "Kupis, Pawel"]
[Black "Syrkiewicz, Michal"]
[Result "1/2-1/2"]
[WhiteTitle "II"]
[BlackTitle "II"]
[WhiteElo "1308"]
[BlackElo "1545"]

1. e4 d5 2. exd5 Qxd5 3. Nc3 Qd6 4. Nf3 Nf6 5. Be2 c6 6. d3 Bf5 7. Be3 Nbd7 8.
Nd2 h6 9. O-O e6 10. Nde4 Qc7 11. Bf3 Be7 12. Re1 O-O 13. Qd2 Nd5 14. Bd4 a5 15.
Qe2 Bb4 16. a3 Be7 17. Ng3 Nxc3 18. Bxc3 Bg6 19. Be4 Bxe4 20. Nxe4 Qd8 21. Qf3
b5 22. Qg3 Nf6 23. Nxf6+ Bxf6 24. Bxf6 Qxf6 25. Qe5 b4 26. Qxf6 gxf6 27. Re4 c5
28. Rc4 Rfc8 29. Kf1 bxa3 30. Rxa3 Kf8 31. Rca4 Rab8 32. b3 Ke7 33. Rxa5 f5 34.
Ra7+ Kf6 35. Rd7 Rd8 36. Raa7 Rxd7 37. Rxd7 Rb6 38. Ke2 e5 39. Ke3 Ke6 1/2-1/2

[Event "POLFINAL MISTRZOSTW POLSKI JUNIOROW 2017 - C13"]
[Site "Jastrzebia Gora"]
[Date "2017-11-15"]
[Round "1.9"]
[White "Iwaszkiewicz, Krzysztof"]
[Black "Grzechowiak, Kacper"]
[Result "1-0"]
[WhiteTitle "II"]
[BlackTitle "II"]
[WhiteElo "1542"]
[BlackElo "1289"]

1. d4 c6 2. c4 d5 3. Nc3 Nf6 4. Nf3 Bf5 5. Bf4 e6 6. e3 Bd6 7. Bxd6 Qxd6 8. cxd5
exd5 9. Bd3 Bxd3 10. Qxd3 O-O 11. O-O Re8 12. Rab1 Nbd7 13. b4 b6 14. Rfd1 Rad8
15. Qa6 Qb8 16. Rdc1 Ng4 17. h3 Nxe3 18. fxe3 Rxe3 19. Qf1 Qf4 20. b5 Nf6 21.
bxc6 Rc8 22. a4 Re6 23. c7 Rxc7 24. Nb5 Qe3+ 25. Kh2 Rce7 26. Rc8+ Ne8 27. Ne5
a6 28. Re1 Qg5 29. Nc7 Rf6 30. Nxe8 g6 31. Nxf6+ Kg7 32. Rg8+ Kh6 33. Neg4+ Qxg4
34. Nxg4+ 1-0

[Event "POLFINAL MISTRZOSTW POLSKI JUNIOROW 2017 - C13"]
[Site "Jastrzebia Gora"]
[Date "2017-11-15"]
[Round "1.10"]
[White "Mocko, Maciej"]
[Black "Kietrys, Maciej"]
[Result "0-1"]
[WhiteTitle "II"]
[BlackTitle "I"]
[WhiteElo "1263"]
[BlackElo "1537"]

1. d4 d5 2. Nf3 Nf6 3. c4 c6 4. Nc3 dxc4 5. e3 b5 6. a4 Bd7 7. axb5 cxb5 8. b3
e6 9. bxc4 Bb4 10. Bd2 bxc4 11. Bxc4 O-O 12. Qc2 Qc7 13. Bd3 Nc6 14. O-O h6 15.
Ne4 Nd5 16. Rfc1 Qd8 17. Nc5 Be8 18. Bb5 Qb6 19. Bxc6 Qxc6 20. e4 Bxd2 21. exd5
Qxd5 22. Qxd2 Bc6 23. Qe2 Qd6 24. Qa6 Rac8 25. Ne5 Qd5 26. Nxe6 Qxg2# 0-1

[Event "POLFINAL MISTRZOSTW POLSKI JUNIOROW 2017 - C13"]
[Site "Jastrzebia Gora"]
[Date "2017-11-15"]
[Round "1.11"]
[White "Topola, Rafal"]
[Black "Pieczulis, Blazej"]
[Result "1/2-1/2"]
[WhiteTitle "I"]
[BlackTitle "II"]
[WhiteElo "1535"]
[BlackElo "1229"]

1. e4 e6 2. d4 d5 3. exd5 exd5 4. Bd3 Nc6 5. c3 Bd6 6. Qc2 Nge7 7. Ne2 Be6 8. Nf4
Bxf4 9. Bxf4 Qd7 10. Nd2 O-O-O 11. O-O-O Bf5 12. Bxf5 Nxf5 13. Nf3 f6 14. Rhe1
g6 15. Rd2 Rhe8 16. Rde2 Rxe2 17. Qxe2 Nd6 18. Bxd6 Qxd6 19. Qe6+ Qxe6 20. Rxe6
Rf8 21. Kd2 Kd7 22. Re1 Rf7 23. g4 a6 24. h4 b6 25. Kd3 h6 26. b3 g5 27. c4 Re7
28. Rxe7+ Nxe7 29. hxg5 hxg5 30. Ng1 Ke6 31. Ne2 f5 32. f3 c6 33. Nc3 fxg4 34.
fxg4 Kd6 35. Na4 b5 36. cxb5 cxb5 37. Nc5 Ng8 38. Ke3 Nf6 39. Kf3 a5 40. Nb7+
Kc6 41. Nxa5+ Kb6 42. b4 Ne4 43. Nb3 Nc3 44. Nc1 Nb1 45. Ke3 1/2-1/2

[Event "POLFINAL MISTRZOSTW POLSKI JUNIOROW 2017 - C13"]
[Site "Jastrzebia Gora"]
[Date "2017-11-15"]
[Round "1.12"]
[White "Bekier, Piotr"]
[Black "Czarnomski, Dominik"]
[Result "0-1"]
[WhiteTitle "II"]
[BlackTitle "II"]
[WhiteElo "1193"]
[BlackElo "1532"]

1. d4 Nf6 2. c4 g6 3. Nc3 Bg7 4. Nf3 O-O 5. Bg5 d6 6. e3 Nbd7 7. Bd3 c5 8. O-O
h6 9. Bh4 cxd4 10. exd4 Nb6 11. Rc1 Be6 12. d5 Bg4 13. h3 Bxf3 14. Qxf3 Nfd7 15.
Rfe1 Re8 16. Re2 Ne5 17. Qe3 g5 18. Bg3 Nbxc4 19. Qe4 Nxd3 20. Qxd3 Ne5 21. Bxe5
Bxe5 22. Ne4 Rc8 23. Rxc8 Qxc8 24. f3 Qc1+ 25. Kf2 Rc8 26. Nc3 Qf4 27. Re4 Qf6
28. Re3 Bd4 29. Ne4 Bxe3+ 30. Kxe3 Qxb2 31. f4 Qc1+ 32. Nd2 Rc3 0-1

[Event "POLFINAL MISTRZOSTW POLSKI JUNIOROW 2017 - C13"]
[Site "Jastrzebia Gora"]
[Date "2017-11-15"]
[Round "1.13"]
[White "Majewski, Krzysztof"]
[Black "Szymanczyk, Lukasz"]
[Result "1-0"]
[WhiteTitle "II"]
[BlackTitle "II"]
[WhiteElo "1521"]
[BlackElo "1158"]

1. d4 d5 2. c4 e6 3. Nc3 Nf6 4. Bg5 Be7 5. e3 h6 6. Bh4 O-O 7. cxd5 exd5 8. Be2
Bf5 9. Bd3 Bxd3 10. Qxd3 Nbd7 11. Nf3 c6 12. O-O Qb6 13. Ne5 Qc7 14. Nxd7 Qxd7
15. Rac1 Rac8 16. h3 Ne4 17. Bxe7 Qxe7 18. Nxe4 Qxe4 19. Qxe4 dxe4 20. Rc3 Rc7
21. Rfc1 Rfc8 22. Rc4 b6 23. b4 f5 24. d5 c5 25. d6 Rd7 26. bxc5 Rxc5 27. Rxc5
bxc5 28. Rxc5 Rxd6 29. Rxf5 Ra6 30. Re5 Ra4 31. Rb5 Rxa2 32. Rb4 a5 33. Rxe4 a4
34. Kh2 a3 35. Ra4 Ra1 36. Ra7 a2 37. Kg3 Kh7 38. e4 Kg6 39. Kf4 Kf6 40. Ra6+
Ke7 41. Kf5 Kd7 42. Kg6 Rg1 43. Rxa2 Rxg2+ 44. Kf5 Rg5+ 45. Kf4 Ke6 46. Ra6+ Kf7
47. h4 Rg2 48. Kf3 Rh2 49. Kg3 Rh1 50. Ra3 Re1 51. f3 Kg6 52. Ra6+ Kh5 53. Ra5+
Kg6 54. h5+ Kf7 55. Kf4 Rf1 56. Rf5+ Ke7 57. Rb5 Rh1 58. Rb7+ Kf8 59. Rb5 Kf7
60. Rd5 Rh4+ 61. Ke3 Kf6 62. Rf5+ Ke6 63. Kd4 Ke7 64. Kd5 Rh1 65. f4 Rd1+ 66.
Kc6 Rh1 67. Rd5 Re1 68. Re5+ Kf6 69. Kd6 Rd1+ 70. Rd5 Rxd5+ 71. exd5 g6 72. Kc7
1-0

[Event "POLFINAL MISTRZOSTW POLSKI JUNIOROW 2017 - C13"]
[Site "Jastrzebia Gora"]
[Date "2017-11-15"]
[Round "1.14"]
[White "Rozalski, Marcin"]
[Black "Oleksy, Krzysztof"]
[Result "0-1"]
[WhiteTitle "II"]
[BlackTitle "I"]
[WhiteElo "1153"]
[BlackElo "1496"]

1. e4 c5 2. Nf3 d6 3. d4 cxd4 4. Nxd4 Nf6 5. Nc3 a6 6. Bg5 Nbd7 7. f4 Qc7 8. Qf3
h6 9. Bxf6 Nxf6 10. h3 e6 11. O-O-O b5 12. e5 Bb7 13. Qg3 dxe5 14. fxe5 Nd7 15.
a3 Rc8 16. Nb3 Bxa3 17. Nd4 O-O 18. bxa3 Qxc3 19. Qxc3 Rxc3 20. Nxe6 fxe6 21.
Rxd7 Be4 22. Bd3 Bxd3 23. Rxd3 Rxd3 24. cxd3 Rf2 25. g4 Ra2 26. Rd1 Rxa3 27. Kb2
b4 28. h4 Kf7 29. h5 a5 30. Rd2 a4 31. Rc2 Rxd3 32. Rc7+ Kf8 33. Rc8+ Kf7 34.
Rc7+ Kg8 35. Rc8+ Kh7 36. Re8 a3+ 37. Ka2 Rd2+ 38. Kb3 Rb2+ 39. Kc4 a2 40. Ra8
b3 41. Kc3 Rb1 42. Ra3 a1=Q+ 43. Rxa1 Rxa1 0-1

[Event "POLFINAL MISTRZOSTW POLSKI JUNIOROW 2017 - C13"]
[Site "Jastrzebia Gora"]
[Date "2017-11-15"]
[Round "1.15"]
[White "Lokaj, Bartlomiej"]
[Black "Maron, Wojciech"]
[Result "1-0"]
[WhiteTitle "II"]
[BlackTitle "III"]
[WhiteElo "1488"]
[BlackElo "1128"]

1. e4 e5 2. Nf3 Nc6 3. Bc4 Nf6 4. d3 Bc5 5. c3 d5 6. exd5 Nxd5 7. Qb3 Na5 8. Qb5+
Qd7 9. Qxd7+ Bxd7 10. Bxd5 c6 11. Bxf7+ Kxf7 12. Nxe5+ Ke6 13. Nxd7 Kxd7 14. b4
Rhe8+ 15. Kd1 Bxf2 16. bxa5 Re5 17. Nd2 Rae8 18. Ne4 Bh4 19. Bf4 Rd5 20. Kc2 Rxa5
21. g3 Bd8 22. h4 h6 23. a4 Rf8 24. Bd2 g5 25. hxg5 Bxg5 26. Nxg5 hxg5 27. Rh5
Rf2 28. c4 Raf5 29. Kc3 R2f3 30. g4 Ra5 31. Bxg5 Rg3 32. Bf4 Rxh5 33. gxh5 Rg4
34. Be3 Rh4 35. h6 1-0

[Event "POLFINAL MISTRZOSTW POLSKI JUNIOROW 2017 - C13"]
[Site "Jastrzebia Gora"]
[Date "2017-11-15"]
[Round "2.1"]
[White "Czarnomski, Dominik"]
[Black "Paprocki, Stanislaw"]
[Result "1-0"]
[WhiteTitle "II"]
[BlackTitle "I"]
[WhiteElo "1532"]
[BlackElo "1663"]

1. c4 Nf6 2. Nc3 g6 3. g3 e5 4. Bg2 Bg7 5. e4 O-O 6. d3 d6 7. Nge2 c6 8. O-O a5
9. h3 Nfd7 10. Be3 Na6 11. f4 f5 12. Qd2 Ndc5 13. Rad1 Qc7 14. d4 Nxe4 15. Nxe4
fxe4 16. Nc3 Re8 17. Kh2 Be6 18. d5 exf4 19. Bxf4 Bf7 20. Nxe4 Rad8 21. Bh6 Re5
22. Bxg7 Kxg7 23. Qf4 Qe7 24. Nf2 cxd5 25. Ng4 Rh5 26. Qd4+ Re5 27. cxd5 Nb4 28.
Nxe5 dxe5 29. Qb6 Rd6 30. Qxa5 Nc2 31. Qd2 Nd4 32. Rf2 Bxd5 33. Bxd5 Rxd5 34.
Qe3 Qd7 35. Rdf1 Nf5 36. Qc3 Qd6 37. Rc1 Kh6 38. Rcc2 e4 39. Rg2 e3 40. Rce2 Rd2
41. Rxd2 exd2 42. Qxd2+ 1-0

[Event "POLFINAL MISTRZOSTW POLSKI JUNIOROW 2017 - C13"]
[Site "Jastrzebia Gora"]
[Date "2017-11-15"]
[Round "2.2"]
[White "Panek, Bartosz"]
[Black "Majewski, Krzysztof"]
[Result "1-0"]
[WhiteTitle "I"]
[BlackTitle "II"]
[WhiteElo "1618"]
[BlackElo "1521"]

1. e4 c5 2. c3 d5 3. exd5 Qxd5 4. d4 cxd4 5. cxd4 Nc6 6. Nf3 Bg4 7. Be2 e6 8. O-O
Nf6 9. h3 Bh5 10. Nc3 Qd7 11. Be3 Be7 12. Qb3 O-O 13. Ne5 Nxe5 14. dxe5 Bxe2 15.
exf6 Bxf1 16. fxe7 Qxe7 17. Rxf1 a6 18. Ne4 Rac8 19. Qb6 Qc7 20. a4 Qc6 21. Qxc6
Rxc6 22. a5 Rfc8 23. b4 Ra8 24. Bc5 Rd8 25. Bb6 Rxb6 26. axb6 Rd4 27. Nc5 Rxb4
28. Rd1 g6 29. Rd6 a5 30. Nxb7 a4 31. Nc5 a3 32. b7 a2 33. Ra6 Kf8 34. Rxa2 Ke7
35. Ra8 1-0

[Event "POLFINAL MISTRZOSTW POLSKI JUNIOROW 2017 - C13"]
[Site "Jastrzebia Gora"]
[Date "2017-11-15"]
[Round "2.3"]
[White "Oleksy, Krzysztof"]
[Black "Dziendziel, Mateusz"]
[Result "1-0"]
[WhiteTitle "I"]
[BlackTitle "II"]
[WhiteElo "1496"]
[BlackElo "1557"]

1. d4 f5 2. e4 fxe4 3. Nc3 Nf6 4. Bg5 c6 5. f3 Qa5 6. Bd2 Qb6 7. fxe4 Qxd4 8. Nf3
Qb6 9. Na4 Qc7 10. e5 Ne4 11. Bd3 Nxd2 12. Qxd2 d5 13. Qf4 e6 14. Ng5 g6 15. O-O
Bg7 16. Nxh7 Bxe5 17. Bxg6+ Ke7 18. Qh4+ Kd6 19. Rf7 Bd7 20. Qe7# 1-0

[Event "POLFINAL MISTRZOSTW POLSKI JUNIOROW 2017 - C13"]
[Site "Jastrzebia Gora"]
[Date "2017-11-15"]
[Round "2.4"]
[White "Lokaj, Bartlomiej"]
[Black "Iwaszkiewicz, Krzysztof"]
[Result "0-1"]
[WhiteTitle "II"]
[BlackTitle "II"]
[WhiteElo "1488"]
[BlackElo "1542"]

1. e4 c5 2. c3 d5 3. exd5 Qxd5 4. d4 Nc6 5. Nf3 Bf5 6. c4 Qe4+ 7. Be3 cxd4 8. Nxd4
Rd8 9. Nd2 Rxd4 10. Nxe4 Rxd1+ 11. Rxd1 Bxe4 12. f3 Bf5 13. Be2 e5 14. a3 b6 15.
b4 g6 16. O-O Bh6 17. Bf2 Nge7 18. c5 Nd4 19. Bxd4 exd4 20. Bb5+ Kf8 21. f4 Bg7
22. Rfe1 Bf6 23. Bd3 Bxd3 24. Rxd3 Nd5 25. g3 Kg7 26. cxb6 axb6 27. Rc1 Nc3 28.
Ra1 b5 29. Kf1 Re8 30. g4 h6 31. g5 hxg5 32. fxg5 Bxg5 33. Rxd4 Rh8 34. Kg2 Bf6
35. Rd3 Ra8 36. Rf3 Rd8 37. Raf1 Rd2+ 38. Kh3 Nd5 39. Re1 g5 40. Rg1 Kh6 41. Kg4
Kg6 42. Kg3 Be5+ 43. Kg4 Rxh2 44. Rd3 f5+ 45. Kf3 Rh3+ 46. Ke2 Nf4+ 0-1

[Event "POLFINAL MISTRZOSTW POLSKI JUNIOROW 2017 - C13"]
[Site "Jastrzebia Gora"]
[Date "2017-11-15"]
[Round "2.5"]
[White "Kietrys, Maciej"]
[Black "Gardian, Adam"]
[Result "1-0"]
[WhiteTitle "I"]
[BlackTitle "II"]
[WhiteElo "1537"]
[BlackElo "1360"]

1. e4 Nf6 2. e5 Nd5 3. c4 Nb6 4. d4 d6 5. exd6 cxd6 6. Nc3 g6 7. Nf3 Bg4 8. h3
Bxf3 9. Qxf3 Nc6 10. Be3 Bg7 11. O-O-O O-O 12. g4 Rc8 13. h4 f5 14. gxf5 Rxf5
15. Qe4 Nb4 16. c5 Qd7 17. Bh3 d5 18. Bxf5 gxf5 19. Qg2 f4 20. Rhg1 e5 21. cxb6
Nxa2+ 22. Kd2 fxe3+ 23. fxe3 Nxc3 24. bxc3 axb6 25. Rb1 Ra8 26. Rb2 Ra4 27. h5
exd4 28. exd4 Qc7 29. Qxd5+ Kh8 30. Kd3 Ra8 31. Qg5 Rg8 32. h6 Qd7 33. hxg7+ Rxg7
34. Qxg7+ Qxg7 35. Rxg7 Kxg7 36. Rxb6 h5 37. Rxb7+ Kg6 38. Rb1 h4 39. c4 h3 40.
Rh1 1-0

[Event "POLFINAL MISTRZOSTW POLSKI JUNIOROW 2017 - C13"]
[Site "Jastrzebia Gora"]
[Date "2017-11-15"]
[Round "2.6"]
[White "Kojlo, Szymon"]
[Black "Dzida, Kamil"]
[Result "0-1"]
[WhiteTitle "II"]
[BlackTitle "I++"]
[WhiteElo "1376"]
[BlackElo "1881"]

1. e4 c5 2. Nf3 d6 3. d4 cxd4 4. Nxd4 Nf6 5. Nc3 a6 6. Be2 e6 7. O-O b5 8. Bf3
e5 9. Nf5 g6 10. Ne3 Be6 11. Ned5 Nxd5 12. Nxd5 Nd7 13. Be3 Bxd5 14. Qxd5 Be7
15. Bh6 Rc8 16. Rac1 Qc7 17. Rfd1 Nb6 18. Qb3 Qc6 19. h3 a5 20. Be2 b4 21. Qe3
a4 22. c3 b3 23. a3 Bf8 24. Bxf8 Rxf8 25. Rd2 f6 26. Rcd1 Rd8 27. Kh1 Ke7 28.
f4 Kf7 29. f5 Kg7 30. Qf3 Qc5 31. Qg3 g5 32. Qf3 Rd7 33. c4 Rc8 34. Kh2 Rc6 35.
Rc1 Rcc7 36. Rdd1 Qa5 37. Qd3 Rc5 38. Rc3 Qa7 39. Qf3 Qc7 40. Rdc1 Nc8 41. Qh5
Ne7 42. h4 gxh4 43. Qxh4 Ng8 44. Rg3+ Kh8 45. Rcc3 Rg7 46. Rxg7 Qxg7 47. Rg3 Qe7
48. Qh5 Rc8 49. Rg6 Qf7 50. g4 Ne7 51. Rh6 Qxh5+ 52. Rxh5 Nc6 53. Rh3 Nd4 54.
Bf1 Kg7 55. Kg1 Rb8 56. Kf2 Nc2 57. Ke2 Nxa3 58. Kd2 Nc2 59. Bd3 Nd4 60. Kc3 a3
61. bxa3 b2 62. Rh1 Rb3+ 63. Kd2 Rxa3 64. Rb1 Rb3 65. Bc2 Rb8 66. Kc3 Kh6 67.
Bd1 Kg5 68. Rxb2 Rxb2 69. Kxb2 Kf4 70. Kc3 Kxe4 71. Kd2 Nf3+ 72. Bxf3+ Kxf3 73.
g5 Kf2 74. gxf6 e4 75. f7 e3+ 76. Kc2 e2 77. f8=Q e1=Q 78. Qxd6 Qe4+ 79. Qd3 Qe5
80. Qd2+ Kf3 81. Qc3+ Kf4 82. f6 Qf5+ 83. Kb2 Kg5 84. c5 Qxf6 85. c6 Qf2+ 86.
Kc1 Qf1+ 87. Kc2 Qf5+ 88. Kb3 Qb5+ 89. Ka3 Qa6+ 90. Kb2 Qb5+ 91. Kc1 Qf1+ 92.
Kd2 Qf2+ 93. Kd3 Qf3+ 94. Kc4 Qxc6+ 95. Kd3 Qxc3+ 96. Kxc3 Kf4 97. Kd2 Kf3 98.
Ke1 Kg2 0-1

[Event "POLFINAL MISTRZOSTW POLSKI JUNIOROW 2017 - C13"]
[Site "Jastrzebia Gora"]
[Date "2017-11-15"]
[Round "2.7"]
[White "Poltorak, Sebastian"]
[Black "Kupis, Pawel"]
[Result "1-0"]
[WhiteTitle "I"]
[BlackTitle "II"]
[WhiteElo "1716"]
[BlackElo "1308"]

1. d4 d5 2. c4 c6 3. Nc3 Nf6 4. Nf3 dxc4 5. a4 e6 6. e3 Nbd7 7. Bxc4 Nb6 8. Bb3
Nbd5 9. Bc2 Qa5 10. Bd2 Bb4 11. Nxd5 Bxd2+ 12. Nxd2 exd5 13. O-O O-O 14. h3 Re8
15. Rb1 Qb4 16. Nf3 Ne4 17. Ne5 f6 18. Nd3 Qe7 19. Re1 Qf7 20. Bb3 Be6 21. Nf4
Kh8 22. f3 Nd6 23. e4 g5 24. Nxe6 Rxe6 25. Qd2 Rae8 26. exd5 Rxe1+ 27. Rxe1 Rxe1+
28. Qxe1 cxd5 29. Qb4 Nc4 30. Bxc4 dxc4 31. d5 Qe8 32. Kf2 Qc8 33. Qe7 Kg8 34.
Kg3 Qf5 35. Qe8+ Kg7 36. Qe4 Qc8 37. d6 Qd7 38. Qd5 b6 39. Kf2 Kf8 40. Ke3 a6
41. Kd4 h5 42. Ke3 Kg7 43. Kd2 Kf8 44. Qd4 Kg7 45. Qxb6 Qxa4 46. Kc3 Kf7 47. Qb4
Qxb4+ 48. Kxb4 Ke6 49. Kc5 Kd7 50. g4 h4 51. Kd5 a5 52. Kxc4 Kxd6 53. Kb5 Ke5
54. Kxa5 Kf4 55. b4 Kxf3 56. b5 Kg3 57. b6 Kxh3 58. b7 Kxg4 59. b8=Q f5 60. Qh2
Kh5 61. Kb4 f4 62. Kc3 Kg4 63. Kd2 Kf3 64. Ke1 g4 65. Qxh4 g3 66. Kf1 Ke3 67.
Qg4 1-0

[Event "POLFINAL MISTRZOSTW POLSKI JUNIOROW 2017 - C13"]
[Site "Jastrzebia Gora"]
[Date "2017-11-15"]
[Round "2.8"]
[White "Pieczulis, Blazej"]
[Black "Kosior, Jan"]
[Result "0-1"]
[WhiteTitle "II"]
[BlackTitle "II"]
[WhiteElo "1229"]
[BlackElo "1605"]

1. d4 Nf6 2. e3 e6 3. Nf3 Be7 4. Bd3 b6 5. c3 Bb7 6. Nbd2 O-O 7. Qe2 d6 8. O-O
c5 9. Re1 Nc6 10. h3 Qc7 11. dxc5 dxc5 12. e4 Rfd8 13. Bc2 a5 14. Nf1 Ne5 15.
Nxe5 Qxe5 16. Ng3 h6 17. Qf3 Qc7 18. Nh5 Nxh5 19. Qxh5 Bf6 20. Re3 Qe5 21. Qg4
Bg5 22. Rg3 Bxc1 23. Rxc1 Qg5 24. Qxg5 hxg5 25. Rxg5 Rd2 26. Kf1 Rad8 27. Rg3
Ba6+ 28. Kg1 Re2 29. Re3 Rxe3 30. fxe3 Rd2 31. b3 Re2 32. c4 Bb7 33. Kf1 Rxe3
34. Kf2 Rc3 35. Ke2 Bxe4 36. Kd2 Rxc2+ 37. Rxc2 Bxc2 38. Kxc2 Kf8 39. Kd3 Ke7
40. g4 g5 41. Ke4 Kf6 42. a3 Ke7 43. Ke5 f6+ 44. Ke4 Kf7 45. Kd3 Kg7 46. Ke4 Kg6
47. a4 Kg7 48. Ke3 f5 49. gxf5 exf5 50. Kf3 Kf6 51. Ke2 Ke5 52. Ke3 f4+ 53. Kf3
Kf5 54. Kg2 Ke4 55. Kf2 Kd3 56. Kf3 Kc3 57. h4 gxh4 58. Kxf4 h3 59. Kg3 Kxb3 60.
Kh2 Kxc4 61. Kg3 Kb4 62. Kh2 c4 63. Kg3 c3 64. Kh2 c2 65. Kg3 c1=Q 66. Kh2 Qc2+
67. Kxh3 Qg6 68. Kh4 Kxa4 69. Kh3 b5 70. Kh4 b4 71. Kh3 Qg5 72. Kh2 b3 73. Kh3
b2 74. Kh2 b1=R 75. Kh3 Rh1# 0-1